ბათუმის შოთა რუსთაველის სახელმწიფო უნივერსიტეტის ბიბლიოთეკა

Теоретическая арифметика (ბიბ.ჩანაწერი № 38865)

000 -LEADER
fixed length control field 00595nam a2200205Ia 4500
001 - CONTROL NUMBER
control field 5278
003 - CONTROL NUMBER IDENTIFIER
control field GE_BSU
008 - FIXED-LENGTH DATA ELEMENTS--GENERAL INFORMATION
fixed length control field 181216s||||||||xx |||||||||||||| ||und||
040 ## - CATALOGING SOURCE
Transcribing agency GE_BSU
080 ## - UNIVERSAL DECIMAL CLASSIFICATION NUMBER
Universal Decimal Classification number 511(075.8)
100 ## - MAIN ENTRY--PERSONAL NAME
Personal name Гонин, Е. Г.
245 ## - TITLE STATEMENT
Title Теоретическая арифметика
245 ## - TITLE STATEMENT
Remainder of title учеб. пособие для студ.физ-мат. фак-ов пед. ин-тов
260 ## - PUBLICATION, DISTRIBUTION, ETC.
Place of publication, distribution, etc. Москва
260 ## - PUBLICATION, DISTRIBUTION, ETC.
Name of publisher, distributor, etc. Учпедгиз.
260 ## - PUBLICATION, DISTRIBUTION, ETC.
Date of publication, distribution, etc. 1959
300 ## - PHYSICAL DESCRIPTION
Extent 231с 22 см
653 ## - INDEX TERM--UNCONTROLLED
Uncontrolled term Теоретическая арифметика
942 ## - ADDED ENTRY ELEMENTS (KOHA)
Koha item type წიგნი
ეგზემპლარები
Withdrawn status Lost status Damaged status Not for loan Date acquired Barcode Date last seen Price effective from Koha item type
        2018-12-17 16120 2018-12-17 2018-12-17 წიგნი